书目信息 |
| 题名: |
精选电子制作图解 66 例
|
|
| 作者: | 门宏 编著 | |
| 分册: | ||
| 出版信息: | 北京 人民邮电出版社 2001 |
|
| 页数: | 332页 | |
| 开本: | 26cm | |
| 丛书名: | 跟我学制作系列图书 | |
| 单 册: | ||
| 中图分类: | TN014 | |
| 科图分类: | ||
| 主题词: | 无线电技术--图解 | |
| 电子资源: | ||
| ISBN: | 7-115-09293-1 | |
| 000 | 00813oam2 2200241 45 | |
| 001 | 050000572393 | |
| 005 | 20050913162716.46 | |
| 010 | @a7-115-09293-1@dCNY28.00 | |
| 100 | @a20031230e20022001ekmy0chiy0120 ea | |
| 101 | 0 | @achi |
| 102 | @aCN@b110000 | |
| 105 | @aak z 000yy | |
| 200 | 1 | @a精选电子制作图解 66 例@Ajing xuan dian zi zhi zuo tu jie 66 li@f门宏编著@Fmen hong bian zhu |
| 210 | @a北京@c人民邮电出版社@d2001 | |
| 215 | @a332页@c图@d26cm | |
| 225 | 2 | @a跟我学制作系列图书 |
| 330 | @a本书以图解的形式介绍了66例无线电和电子制作实例,包括趣味电子制作、收音机制作、无线话筒制作及业余无线电仪表制作四大部分。 | |
| 461 | 0 | @12001 @a跟我学制作系列图书 |
| 606 | 0 | @a无线电技术@x图解 |
| 690 | @aTN014@v4 | |
| 701 | 0 | @a门宏@Amen hong@4编著 |
| 801 | 0 | @aCN@bTSSF@c20050913 |
| 905 | @a10447@dTN014@e70 | |
| 精选电子制作图解 66 例/门宏编著.-北京:人民邮电出版社,2001 |
| 332页:图;26cm.-(跟我学制作系列图书) |
| ISBN 7-115-09293-1:CNY28.00 |
| 本书以图解的形式介绍了66例无线电和电子制作实例,包括趣味电子制作、收音机制作、无线话筒制作及业余无线电仪表制作四大部分。 |
| ● |
| 相关链接 |
|
|
|
|
正题名:精选电子制作图解 66 例
索取号:TN014/70
 
预约/预借
| 序号 | 登录号 | 条形码 | 馆藏地/架位号 | 状态 | 备注 |
| 1 | 0360824 | 3608242 | 第二样本阅览室/ [索取号:TN014/70] | 在馆 | |
| 2 | 0360825 | 3608251 | 第三借阅区/ [索取号:TN014/70] | 在馆 | |
| 3 | 0360826 | 3608260 | 第三借阅区/ [索取号:TN014/70] | 在馆 |